Southville International School and Colleges
Your cart is empty.
  • Cart
  • Lists
    Public lists Eva Luna New books Lux_list list_1
    Your lists Log in to create your own lists
  • Log in to your account
  • Your cookies
  • Search history
Southville International School and Colleges
  • Advanced search
  • Recent comments
  • Most popular
  • Libraries

Log in to your account

Log in with GOOGLE


If you do not have an external account, but do have a local account, you can still log in:

  1. Home
  2. MARC view: Happily ever after /
Normal view MARC view ISBD view

Happily ever after / (Record no. 360334)

[ view plain ]
MARC details
000 -LEADER
fixed length control field 00632nam a2200241Ia 4500
003 - CONTROL NUMBER IDENTIFIER
control field SISC
005 - DATE AND TIME OF LATEST TRANSACTION
control field 20190112082832.0
008 - FIXED-LENGTH DATA ELEMENTS--GENERAL INFORMATION
fixed length control field 190108s9999 xx 000 0 und d
020 ## - INTERNATIONAL STANDARD BOOK NUMBER
International Standard Book Number 9780062414083
050 ## - LIBRARY OF CONGRESS CALL NUMBER
Classification number PZ 7
Item number .C2685133 2015
100 ## - MAIN ENTRY--PERSONAL NAME
Personal name Cass, Kiera
245 ## - TITLE STATEMENT
Title Happily ever after /
Statement of responsibility, etc Kiera Cass
260 ## - PUBLICATION, DISTRIBUTION, ETC. (IMPRINT)
Place of publication, distribution, etc NY:
Name of publisher, distributor, etc HarperTeen
Date of publication, distribution, etc 2015
300 ## - PHYSICAL DESCRIPTION
Extent 387 pages :
Dimensions 210 cm.
440 ## - SERIES STATEMENT/ADDED ENTRY--TITLE
Title The selection series
650 ## - SUBJECT ADDED ENTRY--TOPICAL TERM
Topical term or geographic name as entry element Princesses
Form subdivision Fiction
650 ## - SUBJECT ADDED ENTRY--TOPICAL TERM
Topical term or geographic name as entry element Social classes
Form subdivision Fiction
650 ## - SUBJECT ADDED ENTRY--TOPICAL TERM
Topical term or geographic name as entry element Contests
Form subdivision Fiction
650 ## - SUBJECT ADDED ENTRY--TOPICAL TERM
Topical term or geographic name as entry element Marriage
Form subdivision Fiction
650 ## - SUBJECT ADDED ENTRY--TOPICAL TERM
Topical term or geographic name as entry element Love
Form subdivision Fiction
942 ## - ADDED ENTRY ELEMENTS (KOHA)
Source of classification or shelving scheme Library of Congress Classification
Koha item type Books
Holdings
Withdrawn status Lost status Source of classification or shelving scheme Damaged status Home library Current library Shelving location Date acquired Source of acquisition Total Checkouts Full call number Barcode Date last seen Date checked out Price effective from Koha item type Public note
    Library of Congress Classification   Luxembourg Library Luxembourg Library Fiction Section 01/08/2019 Donation 1 PZ 7 .C2685133 2015 20700 01/22/2019 01/21/2019 01/08/2019 Books Donated by Princess Fiona Cantero

Happily ever after /

APA

Cass K., . (2015). Happily ever after. NY: HarperTeen.

Chicago

Cass Kiera, . 2015. Happily ever after. NY: HarperTeen.

Harvard

Cass K., . (2015). Happily ever after. NY: HarperTeen.

MLA

Cass Kiera, . Happily ever after. NY: HarperTeen. 2015.

  • Place hold
  • Print
  • Cite
  • Add to your cart (remove)
  • Save record
    BIBTEX Dublin Core MARCXML MARC (non-Unicode/MARC-8) MARC (Unicode/UTF-8) MARC (Unicode/UTF-8, Standard) MODS (XML) RIS
  • More searches
    Search for this title in:
    Other Libraries (WorldCat) Other Databases (Google Scholar) Online Stores (Bookfinder.com) Open Library (openlibrary.org)

Exporting to Dublin Core...

SOUTHVILLE LIBRARY

Southville International School and Colleges Library

1281 Tropical Ave. Cor. Luxembourg St., BF Homes International, Las Pinas City

Tel. No. 8256374 / 252358 Loc. 117/146

Powered by Koha